01266nam a2200337 i 450000100060000000300100000600500170001600700030003300800410003602000180007704000350009504100080013004300120013808400110015010000390016124500860020025000540028626400590034030000470039933600290044633700330047533800280050849000430053650000200057950000610059952100620066065000480072265000610077065000510083170000460088257431CO-BoRNBP20250702144327.0ta210803r19982019ck a br 000 ddspa d a9789583004346 aCO-BoRNBPbspaerdacCO-BoRNBP0 aspa as-ck--- aT ARC11 aArciniegas, Triunfod1957-eautor.10aMambrú se fue a la guerracTriunfo Arciniegas ; ilustrado por Esperanza Vallejo aPrimera ediciónbDécimo primera reimpresión 1aBogotá, ColombiabPanamericana Editorialc1998c2019 a66 páginasbilustraciones a colorc21 cm atextobtxt2rdacontenido asin mediaciónbn2rdamedio avolumenbnc2rdasoporte0 aPrimer actoaTeatro infantil y juvenil aObra en 4 actos aIncluye datos biográficos del autor al final del texto1 aRecomendado para un público infantil mayor de 8 años.07aCanciones infantiles en la literatura2LEMB07aTeatro infantil colombianoySiglo XXvAdaptaciones2LEMB07aLiteratura infantil colombianaySiglo XX2LEMB aVallejo Jaramillo, Esperanzaeilustradora